000 00308nam a2200133Ia 4500
008 231129s1966||||xx |||||||||||||| ||spa||
040 _bspa
082 _a194 M564
100 _aMerleau-Ponty Maurice
245 0 _aLo visible y lo invisible
260 _c1966
264 _aSeix Barral
942 _2ddc
_cBKS
999 _c19411
_d19411